THE COILED SERPENT (Record no. 28742)
[ view plain ]
| 000 -LEADER | |
|---|---|
| fixed length control field | 00256nam a22001217a 4500 |
| 003 - CONTROL NUMBER IDENTIFIER | |
| control field | SGT |
| 082 ## - DEWEY DECIMAL CLASSIFICATION NUMBER | |
| Classification number | 300 |
| Item number | T63V |
| 100 ## - MAIN ENTRY--PERSONAL NAME | |
| Personal name | VLIET, G.J. VAN |
| 245 ## - TITLE STATEMENT | |
| Title | THE COILED SERPENT |
| 260 ## - PUBLICATION, DISTRIBUTION, ETC. (IMPRINT) | |
| Name of publisher, distributor, etc | NAVJIVAN PUBLISHING HOUSE |
| Year of Publication | 1963 |
| 300 ## - PAGE DESCRIPTION | |
| No. of Pages | 439 |
| 942 ## - ADDED ENTRY ELEMENTS (KOHA) | |
| Source of classification or shelving scheme | Dewey Decimal Classification |
| Koha item type | Books |
| Withdrawn status | Lost status | Source of classification or shelving scheme | Damaged status | Not for loan | Home library | Current library | Shelving location | Date acquired | SGTU | Total Checkouts | Full call number | Accession No. (Barcode) | Date last seen | Bill Date | Koha item type |
|---|---|---|---|---|---|---|---|---|---|---|---|---|---|---|---|
| Dewey Decimal Classification | Not For Loan | SGT Chancellor's Library | SGT Chancellor's Library | Reference Book | 08/01/2025 | SGTU | 300 T63V | CH1582 | 08/01/2025 | 08/01/2025 | Books |